Marketing mix, tvorba a realizácia v mikroprostredí firmy : Bakalárska práca

Salvato in:
Dettagli Bibliografici
Natura: Manoscritto Libro
Lingua:slovacco
Pubblicazione: Trnava : STU v Bratislave MtF KPIM, 2004
Soggetti:
Tags: Aggiungi Tag
Nessun Tag, puoi essere il primo ad aggiungerne!!

MARC

LEADER 00000ntm a22000003a 4500
001 stu91053
005 20160719154633.7
008 041018s2004----xo------------------slo-d
040 |a STU  |b slo 
041 0 |a slo 
044 |a xo 
245 |a Marketing mix, tvorba a realizácia v mikroprostredí firmy :  |b Bakalárska práca 
260 |a Trnava :  |b STU v Bratislave MtF KPIM,  |c 2004 
300 |a 56 s  |c príl., 1 CD 
650 7 |a priemyselné inžinierstvo a manažment  |2 stusub 
650 7 |a produkty  |2 stusub 
650 7 |a ceny  |2 stusub 
650 7 |a propagácia podniku  |2 stusub 
650 7 |a marketing mix  |2 estusub